00501nam a22000977a 4500100006900000245010700069260002700176300000900203650015800212856003300370 aMuswar Ali Farhad a18MME03aSupervisor - Dr Qadir Bakhsh Jamali aAnalysis of Mechanical Properties of Medium Carbon Steel Grade SAE 1040 Using Heat Treatment Processes aNawabshahbQUESTc2020 a82p. aHeat Treatment ProcessesaAnalysis of Mechanical PropertiesaMedium Carbon Steel GradeaManufacturing Engineering aDepartment of Mechanical Engineering  uhttps://tinyurl.com/5ykrevkc